亡命之徒 (Record no. 36027)

000 -LEADER
fixed length control field 00508nam a22001937a 4500
003 - CONTROL NUMBER IDENTIFIER
control field MPLRDC
005 - DATE AND TIME OF LATEST TRANSACTION
control field 20220104143034.0
008 - FIXED-LENGTH DATA ELEMENTS--GENERAL INFORMATION
fixed length control field 210129b ||||| |||| 00| 0 eng d
020 ## - INTERNATIONAL STANDARD BOOK NUMBER
International Standard Book Number 957-450-455-7
082 ## - DEWEY DECIMAL CLASSIFICATION NUMBER
Classification number 857.62 JSMF v.6 c.2
100 ## - MAIN ENTRY--PERSONAL NAME
Personal name SUE GRAFTON
245 ## - TITLE STATEMENT
Title 亡命之徒
Statement of responsibility, etc. 蔡小琦 译
250 ## - EDITION STATEMENT
Edition statement 增订一版
260 ## - PUBLICATION, DISTRIBUTION, ETC.
Place of publication, distribution, etc. 台湾
Name of publisher, distributor, etc. 小知堂文化事业有限公司
Date of publication, distribution, etc. 2006
300 ## - PHYSICAL DESCRIPTION
Other physical details 280
490 ## - SERIES STATEMENT
Series statement 字母天后: 6
650 ## - SUBJECT ADDED ENTRY--TOPICAL TERM
Topical term or geographic name entry element 推理小说
942 ## - ADDED ENTRY ELEMENTS (KOHA)
Koha item type Book
-- 857.62 JSMF v.6 c.2
Holdings
Withdrawn status Lost status Source of classification or shelving scheme Damaged status Not for loan Collection code Home library Current library Shelving location Date acquired Cost, normal purchase price Total Checkouts Full call number Barcode Date last seen Date last checked out Price effective from Koha item type Public note
            Malaysian Public Library, Research and Development Centre Malaysian Public Library, Research and Development Centre   10/12/2007 31.40   857.62 JSMF v.6 c.2 00036141 18/03/2021 24/11/2011 18/03/2021 Book mplrdc

© 2022. Malaysian Public Library, Research and Development Centre. All Right ReservedE-mailmplrdc@help.edu.my 

Powered by Koha